000 01093nam a2200289Ia 4500
005 20260525114532.0
008 130821s1997 ck gr spa
020 _a9586531309
040 _aCo-BoUCM
_bspa
_cStefania Borbon (Modificó)
_d[Nuevo]
041 0 0 _aspa
245 0 0 _aRégimen electoral Colombiano :
_bcompilación de normas vigentes /
_ccompilación por José Vicente Barreto Rodríguez
250 _a1a. ed.
260 _aBogotá (Cundinamarca, Colombia) ;
_bLegis ,
_c1997
300 _a438 páginas
504 _aIncluye índices
630 _aDecreto 2241 de 1946
_94939
650 0 4 _aDerecho constitucional
_912725
650 0 4 _aElecciones
_xLegislación
_zColombia
_9174724
650 0 4 _aEstado
_97594
650 0 4 _aParticipación política
_921123
650 0 4 _aPartidos políticos
_97900
650 0 4 _aPartidos políticos
_zColombia
_937930
700 1 _a Barreto Rodríguez, José Vicente
_ecompilador
_9189411
700 1 _aSantana, Diana Marcela
_ecompilador
_9189412
942 _cLIBRO
_a8
_e1
_mR34
_2DEWEY
_h342.07
999 _c22567
_d22567